Central Library OPAC University of Rajshahi

পদ্মাপার / (Record no. 48632)

MARC details
000 -LEADER
fixed length control field 00762nam a22002417a 4500
001 - CONTROL NUMBER
control field 48632
003 - CONTROL NUMBER IDENTIFIER
rucl marc code BD-RjUL
005 - DATE AND TIME OF LATEST TRANSACTION
control field 20211209054545.0
008 - FIXED-LENGTH DATA ELEMENTS--GENERAL INFORMATION
fixed length control field 160814s1958 bg ||||| |||| 00| 0 ben d
020 ## - INTERNATIONAL STANDARD BOOK NUMBER
Terms of availability : TK 1.50
035 ## - SYSTEM CONTROL NUMBER
System control number (BD-RjUL)48751
040 ## - CATALOGING SOURCE
Original cataloging agency BD-RjUL
Language of cataloging ben
Transcribing agency BD-RjUL
041 ## - LANGUAGE CODE
Language code of text/sound track or separate title ben
082 ## - DEWEY DECIMAL CLASSIFICATION NUMBER
Edition number 23
Classification number 891.442
Author mark and year UDP 1958
100 ## - MAIN ENTRY--PERSONAL NAME
Personal name উদদীন, জসীম
9 (RLIN) 146864
245 10 - TITLE STATEMENT
Title পদ্মাপার /
Statement of responsibility, etc. জসীম উদদীন
250 ## - EDITION STATEMENT
Edition statement ২য় সং
260 ## - PUBLICATION, DISTRIBUTION, ETC. (IMPRINT)
Place of publication, distribution, etc. ঢাকা :
Name of publisher, distributor, etc. সেখ মনিরুদ্দীন,
Date of publication, distribution, etc. ১৯৫৮
300 ## - PHYSICAL DESCRIPTION
Pagination ৮৭ পৃ. ;
Size ১৭ সেমি.
650 ## - SUBJECT ADDED ENTRY--TOPICAL TERM
Topical term or geographic name as entry element বাংলা নাটক
9 (RLIN) 146865
Topical term or geographic name as entry element Bengali Drama
9 (RLIN) 146866
942 ## - ADDED ENTRY ELEMENTS (KOHA)
Source of classification or shelving scheme Dewey Decimal Classification
Koha item type Books
Holdings
Lost status Source of classification or shelving scheme Damaged status Not for loan Collection code Permanent Location Current Location Shelving location Date acquired Source of acquisition Cost, normal purchase price Total Checkouts Full call number Date last seen Copy number Koha item type Date checked out
  Dewey Decimal Classification     Non-fiction Central Library, University of Rajshahi Central Library, University of Rajshahi   10/02/1965 Tulip ent. 1.50   B 891.442 UDP 1958 14/08/2016 C-2 Books  
  Dewey Decimal Classification     Non-fiction Central Library, University of Rajshahi Central Library, University of Rajshahi   10/02/1965 Tulip ent. 1.50 1 B 891.442 UDP 1958 04/04/2023 C-3 Books 20/03/2023